000 00624nam a2200229Ia 4500
003 OSt
005 20220916110927.0
006 a|||||r|||| 00| 0
007 ta
008 220915b |||||||| |||| 00| 0 eng d
024 _a3909
037 _cTextbook
040 _beng
_aARTS
_cARTS
041 _aeng
082 _a14:173-261:N60, K2 (906)
110 _aLibrary of Congress reference division
245 0 _aUnited States and Canadian publications on Africa in 1960
260 _c1962
650 _aBIBLIOGRAPHY
942 _h14:173-261:N60, K2 (906)
_cTB
_2CC
999 _c101586
_d101586